| 000 | 00589 a2200169 4500 | ||
|---|---|---|---|
| 003 | Nust | ||
| 005 | 20230201140608.0 | ||
| 040 | _cNust | ||
| 082 | _a930.1,FIR | ||
| 100 |
_aC. B. Firth _9108415 |
||
| 245 |
_aThe days of the tudors and stuarts / _cC. B. Firth |
||
| 260 |
_aLondon _bGinn and company _c1924 |
||
| 300 | _a206 | ||
| 505 | _aIntroduction (Page-Xiii), General And Historical Notes And Exercises (Page-1), Extracts Form Contemporary Authorities (Page-107), List And Tables (Page-189). | ||
| 650 |
_aThe days of the tudors and stuarts _9108416 |
||
| 942 |
_2ddc _cBK _k930.1,FIR |
||
| 999 |
_c186952 _d186952 |
||